000 00709cam a22002655a 4500
005 20260322212015.0
008 data
010 _a 99074244
020 _a0966234162
020 _a9780966234169
040 _aCBL
_cCBL
_dDLC
_dOMP
_dDLC
042 _alccopycat
050 0 4 _aGV1203
_b.J74 1999
092 _a790.15 J74 1999
100 1 _aJones, Alanna.
245 1 0 _aTeam-building activities for every group /
_cAlanna Jones.
246 3 _aTeam building activities for every group
260 _aRichland, WA :
_bRec Room Pub.,
_cc1999.
300 _a191 p. ;
_c23 cm.
500 _aIncludes index.
650 0 _aGames.
650 0 _aGroup games.
650 0 _aSocial skills in children.
001 data
999 _c325
_d325